ඉස්ලාම් යනු කුමක්ද? (Record no. 3600)
[ view plain ]
| 000 -LEADER | |
|---|---|
| fixed length control field | 00716nam a2200205 4500 |
| 003 - CONTROL NUMBER IDENTIFIER | |
| control field | LK-CoMWRAF |
| 005 - DATE AND TIME OF LATEST TRANSACTION | |
| control field | 20231201120917.0 |
| 008 - FIXED-LENGTH DATA ELEMENTS--GENERAL INFORMATION | |
| fixed length control field | 230921b2011 |||||||| |||| 00| 0 eng d |
| 020 ## - INTERNATIONAL STANDARD BOOK NUMBER | |
| International Standard Book Number | 9556080317 |
| 040 ## - CATALOGING SOURCE | |
| Original cataloging agency | LK-CoMWRAF |
| Modifying agency | LK-CoMWRAF |
| Description conventions | LK-CoMWRAF |
| 041 ## - LANGUAGE CODE | |
| Language code of text/sound track or separate title | Sinhala; Sinhalese |
| 082 ## - DEWEY DECIMAL CLASSIFICATION NUMBER | |
| Classification number | 297 |
| Item number | MAU |
| 942 ## - ADDED ENTRY ELEMENTS (KOHA) | |
| Koha item type | Books |
| 100 ## - MAIN ENTRY--PERSONAL NAME | |
| Personal name | මව්දුදි, මව්ලානා සෙයියිද් අබුල් අ:ලා |
| 245 ## - TITLE STATEMENT | |
| Title | ඉස්ලාම් යනු කුමක්ද? |
| 246 ## - VARYING FORM OF TITLE | |
| Title proper/short title | Islaam yanu kumakda? |
| 250 ## - EDITION STATEMENT | |
| Edition statement | හයවන වෙළුම |
| 260 ## - PUBLICATION, DISTRIBUTION, ETC. (IMPRINT) | |
| Place of publication, distribution, etc. | කොළඹ : |
| Name of publisher, distributor, etc. | ශ්රී ලංකා ජමාඅත් -ඒ- ඉස්ලාම්, |
| Date of publication, distribution, etc. | 2011 |
| 650 ## - SUBJECT ADDED ENTRY--TOPICAL TERM | |
| Topical term or geographic name as entry element | ඉස්ලාම් |
| Withdrawn status | Lost status | Damaged status | Not for loan | Permanent Location | Current Location | Date acquired | Full call number | Barcode | Koha item type |
|---|---|---|---|---|---|---|---|---|---|
| Resource center, Muslim Women's Research And Action Forum | Resource center, Muslim Women's Research And Action Forum | 2023-09-21 | 297 MAU | RAF1246 | Books | ||||
| Resource center, Muslim Women's Research And Action Forum | Resource center, Muslim Women's Research And Action Forum | 2023-12-13 | 297 MAU | RAF3473 | Books | ||||
| Resource center, Muslim Women's Research And Action Forum | Resource center, Muslim Women's Research And Action Forum | 2023-12-13 | 297 MAU | RAF3474 | Books |

